00914nam a22002652i 450000100060000000300080000600500170001400800410003102000150007203500190008704000270010604100080013308200190014110000340016024500750019426000680026930000200033749000260035749000460038350001110042950400380054065000240057883000100060283000360061228529BD-RjUL20211209051308.0860101t19651963ilu 000 0 eng d a0226072177 a(BD-RjUL)28610 aCSLcCSLdBD-RjULbeng aeng a109bBRH 19651 aBréhier, Emile,d1876-1952.14aThe Hellenic Age /cby Émile Bréhier ; translated by Joseph Thomas aChicago :bUniversity of Chicago Press,cc1963 [Reprinted 1965] a242 p. :c21 cm1 aPhoenix books ;vP1981 aHis The history of philosophy vVolume 1 aOriginally published in 1938 as Histoire de la philosophie: L'Antiquité et le Moyen Age. I: Introduction aIncludes bibliographies and index 0aPhilosophy, Ancient 0vP198. 0aPhoenix books (Chicago, Ill.) ;